000
00316nam a2200133Ia 4500
008
151213s9999 xx 000 0 und d
245
_a
SAS / Users Guide Statistics Version - 6
250
_a
5th
260
_b
SAS Institution
_c
1985
300
_a
3002 p.
650
_a
Computer
650
_a
Computer
999
_c
2089
_d
2089